| 000 | 00431nam a22001697a 4500 | ||
|---|---|---|---|
| 003 | NUST - PNEC | ||
| 005 | 20170116180905.0 | ||
| 008 | 150902b xxu||||| |||| 00| 0 eng d | ||
| 020 | _a10987654321 | ||
| 040 | _cLIBRARY | ||
| 082 | _a620 WRI | ||
| 100 |
_96588 _aWright, Paul H |
||
| 245 |
_aIntroduction to engineering _c Paul H Wright |
||
| 260 | _cc. 1941 | ||
| 650 |
_96593 _aEngineering _xME, EE, EL,IME |
||
| 942 |
_2ddc _cBK |
||
| 999 |
_c65070 _d65070 |
||